Rywale Polaków na Mistrzowskich Imprezach - Statystyki

Ogólne statystyki
  • Ten quiz został rozwiązany 418 razy
  • Średni wynik to 38 z 48
Statystyki odpowiedzi
Turniej Faza Wynik Odpowiedź % Poprawnych
Mistrzostwa Świata 1978 Faza Grupowa 0-0 RFN
100%
Mistrzostwa Świata 1974 Druga Runda 0-1 RFN
100%
EURO 2016 Faza Grupowa 0-0 Niemcy
99%
EURO 2008 Faza Grupowa 0-2 Niemcy
99%
Mistrzostwa Świata 2006 Faza Grupowa 0-1 Niemcy
99%
EURO 2016 Ćwierćfinał 1-1 (karne 3-5) Portugalia
99%
Mistrzostwa Świata 2002 Faza Grupowa 0-4 Portugalia
99%
Mistrzostwa Świata 1986 Faza Grupowa 1-0 Portugalia
99%
EURO 2020 Faza Grupowa 1-1 Hiszpania
97%
EURO 2012 Faza Grupowa 1-1 Rosja
94%
EURO 2020 Faza Grupowa 2-3 Szwecja
94%
Mistrzostwa Świata 1974 Druga Runda 1-0 Szwecja
94%
Mistrzostwa Świata 2018 Faza Grupowa 1-0 Japonia
93%
EURO 2016 1/8 Finału 1-1 (karne 5-4) Szwajcaria
92%
Mistrzostwa Świata 1986 1/8 Finału 0-4 Brazylia
91%
Mistrzostwa Świata 1978 Druga Runda 1-3 Brazylia
91%
Mistrzostwa Świata 1974 Mecz o 3 miejsce 1-0 Brazylia
91%
Mistrzostwa Świata 1938 1/8 Finału 5-6 (po dogr.) Brazylia
91%
EURO 2020 Faza Grupowa 1-2 Słowacja
91%
EURO 2016 Faza Grupowa 1-0 Ukraina
91%
EURO 2012 Faza Grupowa 0-1 Czechy
88%
Mistrzostwa Świata 2018 Faza Grupowa 0-3 Kolumbia
88%
Mistrzostwa Świata 2018 Faza Grupowa 1-2 Senegal
88%
EURO 2012 Faza Grupowa 1-1 Grecja
87%
Mistrzostwa Świata 1978 Druga Runda 0-2 Argentyna
86%
Mistrzostwa Świata 1974 Faza Grupowa 3-2 Argentyna
86%
Mistrzostwa Świata 1982 Mecz o 3 miejsce 3-2 Francja
86%
EURO 2008 Faza Grupowa 1-1 Austria
81%
Mistrzostwa Świata 2002 Faza Grupowa 3-1 Stany Zjednoczone
81%
Mistrzostwa Świata 1982 Półfinał 0-2 Włochy
81%
Mistrzostwa Świata 1982 Faza Grupowa 0-0 Włochy
81%
Mistrzostwa Świata 1974 Faza Grupowa 2-1 Włochy
81%
EURO 2016 Faza Grupowa 1-0 Irlandia Północna
79%
Mistrzostwa Świata 2002 Faza Grupowa 0-2 Korea Południowa
74%
Mistrzostwa Świata 1986 Faza Grupowa 0-3 Anglia
72%
EURO 2008 Faza Grupowa 0-1 Chorwacja
67%
Mistrzostwa Świata 1982 Druga Runda 3-0 Belgia
63%
Mistrzostwa Świata 2006 Faza Grupowa 0-2 Ekwador
63%
Mistrzostwa Świata 2006 Faza Grupowa 2-1 Kostaryka
57%
Mistrzostwa Świata 1978 Faza Grupowa 3-1 Meksyk
55%
Mistrzostwa Świata 1974 Faza Grupowa 7-0 Haiti
53%
Mistrzostwa Świata 1982 Druga Runda 0-0 ZSRR
53%
Mistrzostwa Świata 1982 Faza Grupowa 5-1 Peru
49%
Mistrzostwa Świata 1978 Druga Runda 1-0 Peru
49%
Mistrzostwa Świata 1974 Druga Runda 2-1 Jugosławia
44%
Mistrzostwa Świata 1982 Faza Grupowa 0-0 Kamerun
32%
Mistrzostwa Świata 1986 Faza Grupowa 0-0 Maroko
28%
Mistrzostwa Świata 1978 Faza Grupowa 1-0 Tunezja
22%
Nie znaleziono quizów pasujących do podanych kryteriów
Rozkład punktacji
Procent ludzi z każdym wynikiem
Percentyl według liczby udzielonych odpowiedzi
Twoja historia wyników
Nie rozwiązałeś tego quizu